Postavenie znalca a jeho expertízna činnosť pri hospopdárskej kriminalite
Spolupráca znalca ekonomických znaleckých odvetví s vyšetrovateľmi ekonomických trestných činov v odvetviach účtovníctvo a daňovníctvo, personalistiku, kontroling, financie a v odbore oceňovania a hodnotenia podnikov.
Enregistré dans:
| Auteur principal: | |
|---|---|
| Format: | Chapitre de livre |
| Langue: | slovaque |
| Sujets: | |
| Tags: |
Pas de tags, Soyez le premier à ajouter un tag!
|
MARC
| LEADER | 00000nla a2200000 4500 | ||
|---|---|---|---|
| 001 | 0245664 | ||
| 005 | 20240502073943.6 | ||
| 041 | 0 | |a slo | |
| 044 | |a SK | ||
| 245 | 1 | 0 | |a Postavenie znalca a jeho expertízna činnosť pri hospopdárskej kriminalite |c Anna Harumová |
| 520 | |a Spolupráca znalca ekonomických znaleckých odvetví s vyšetrovateľmi ekonomických trestných činov v odvetviach účtovníctvo a daňovníctvo, personalistiku, kontroling, financie a v odbore oceňovania a hodnotenia podnikov. | ||
| 610 | 2 | 0 | |a kriminalita hospodárska |
| 610 | 2 | 0 | |a kriminalita finančná |
| 610 | 2 | 0 | |a znalci |
| 610 | 2 | 0 | |a súdnictvo |
| 610 | 2 | 0 | |a právo |
| 610 | 2 | 0 | |a činy trestné |
| 100 | 1 | |a Harumová, Anna, 1955- | |